000 00688nam a2200181Ia 4500
008 151202s9999||||xx |||||||||||||| ||und||
082 _bPNVM-83798
100 _aतेंडूलकर प्रिया.
245 _aजन्मलेल्या प्रत्येकाला.
260 _bराजहंस प्रकाशन.
260 _c2011
300 _a111
600 _aतेंडूलकर प्रिया.
630 _aजन्मलेल्या प्रत्येकाला.
700 _aतेंडूलकर प्रिया.
730 _aजन्मलेल्या प्रत्येकाला.
942 _cBOOK
999 _c1348654
_d1348651